Гетьман Петро Конашевич Сагайдачний (Запис № 17405)

000 -Маркер запису
Контрольне поле сталої довжини 01294nam a22002417a 4500
003 - Належність контрольного номера
Контрольне поле Uzh_bibl
008 - Кодовані дані
Контрольне поле сталої довжини 260420b |||||||| |||| 00| 0 ukr d
020 ## - Індекс ISBN
ISBN 5-7775-0454-X
Ціна 7.25
040 ## - Джерело каталогіз.
Код мови каталог. укр.
041 ## - Код мови видання
Код мови оригіналу українська
Код мови тексту українська
080 ## - Індекс УДК
Індекс УДК 94(477)
090 ## - Шифри
Поличний індекс 94(477)
Авторський знак Я 22
100 ## - Автор
Автор Яворницький,Дмитро
245 ## - Назва
Назва Гетьман Петро Конашевич Сагайдачний
Відповідальність ред.Ю.В.Пшеничний
Фізичний носій Текст
260 ## - Вихідні дані
Місце видання Дніпропетровськ
Видавництво Січ
Дата видання 1991
300 ## - Фізичний опис
Обсяг 70 с.
520 ## - Анотація
Анотація Праця Д. І. Яворницького присвячена дослідженню життя, державно-політичної діяльності та славних подвигів гетьмана України Петра Конашевича Сагайдачного народного героя, козацького полководця, видатного політика і українського просвітителя.
521 ## - Примітка про цільове призначення
Примітка про цільове призначення Для широкого кола читачів
546 ## - Примітка про мову
Примітка про мову укр.
650 ## - Тематичні рубрики
Основна рубрика Документально-художне видання
Типове ділення Історична література
653 ## - Ключові слова
Ключові слова Полководець
-- Козаки
-- Гетьман
942 ## - ADDED ENTRY ELEMENTS (KOHA)
Джерело класифікації чи схема поличного розташування
Koha item type Книги
Фонди
Статус вилучення Статус втрати/відсутності Джерело класифікації чи схема поличного розташування Статус пошкодження Тип обігу (не для випозичання) Постійне розташування Поточне розташування Розташування у відділі Дата надходження Інвентарний номер Total Checkouts Повний (примірниковий) шифр зберігання Штрих-код Date last seen Дата, для якої чинна ціна заміни Тип одиниці (рівень примірника)
          Публічна бібліотека Публічна бібліотека Абонемент 20/04/2026 42737   94(477) 19324 20/04/2026 20/04/2026 Книги

Працює на АБІС Коха